Loading...
| Current Events | 1 | 20.00 | 100% | 100% | 0% |
| Fine Arts - Classical Music | 4 | 12.50 | 100% | 25% | 0% |
| Fine Arts - Other Fine Arts | 8 | 15.00 | 100% | 38% | 13% |
| Fine Arts - Painting and Sculpture | 6 | 16.67 | 100% | 67% | 0% |
| Geography | 3 | 16.67 | 100% | 67% | 0% |
| History - American History | 6 | 18.33 | 100% | 50% | 33% |
| History - European History | 9 | 13.33 | 89% | 22% | 22% |
| History - Other History | 8 | 12.50 | 100% | 25% | 0% |
| History - World History | 6 | 11.67 | 83% | 33% | 0% |
| Literature - American Literature | 8 | 17.50 | 100% | 38% | 38% |
| Literature - British Literature | 3 | 10.00 | 100% | 0% | 0% |
| Literature - European Literature | 5 | 18.00 | 100% | 80% | 0% |
| Literature - World Literature | 7 | 22.86 | 100% | 86% | 43% |
| Mythology | 7 | 15.71 | 100% | 57% | 0% |
| Other Academic | 1 | 0.00 | 0% | 0% | 0% |
| Philosophy | 9 | 20.00 | 100% | 89% | 11% |
| Pop Culture | 2 | 20.00 | 100% | 50% | 50% |
| Religion | 7 | 15.71 | 100% | 57% | 0% |
| Science - Biology | 7 | 20.00 | 86% | 71% | 43% |
| Science - Chemistry | 6 | 21.67 | 100% | 100% | 17% |
| Science - Other Science | 4 | 17.50 | 100% | 50% | 25% |
| Science - Physics | 10 | 17.00 | 100% | 60% | 10% |
| Social Science | 6 | 15.00 | 100% | 50% | 0% |